Statystyki dla Wszystkie gangi w RDR2.

Kliknij tutaj aby rozwiązać quiz!

Ogólne statystyki

  • Ten quiz został rozwiązany 46 razy
  • Średni wynik to 2 z 11

Statystyki odpowiedzi

Miejsce występowaniaGang% Poprawnych
LemoyneSzubrawcy z Lemoyne
91%
Ambarino
Nowy Hanower,
West Elizabeth
Chłopaki O'Driscolla
27%
Ambarino,
Nowy Hanower,
Lemoyne,
West Elizabeth,
Guarma
Gang Van Der Linde
27%
West EliabethBractwo Skinnera
24%
New AustinGang Del Lobo
24%
West ElizabethGang Laramie
9%
Lemoyne (nieoficjalnie)Lud Nocy
6%
LemoyneChłopaki Andersona
3%
Nowy HanowerPomioty Murfee'go
3%
LemoyneBracia Foreman
0%
West ElizabethChłopaki Watsona
0%

Rozkład punktacji

Percentyl według liczby udzielonych odpowiedzi

Procent ludzi z każdym wynikiem

Twoja historia wyników

Nie rozwiązałeś tego quizu